1476 1382 1945 1578 1484 1519 1926 1310 1198 1813 1584 1307 1477 1148 1323 1794 1691 1329 1430 1349 1417 1802 1645 1097 1291 1174 1167 1673 1933 1739 1909 1055 1707 1234 1292 1050 1451 1051 1966 1941 1058 1131 1596 1871 1625 1786 1142 1133 1226 1987 1952 1226 1890 1500 1427 1112 1555 1711 1048 1679 1190 1208 1305 1181 1710 1049 1205 1064 1554 1951 1003 1466 1307 1709 1757 1029 1853 1280 1579 1690 1630 1951 1015 1930 1579 1551 1944 1141 1192 1606 1238 1898 1873 1248 1640 1742 1677 1104 1707 BCNSPRNW ULIB Ver.6.0+V

เปลี่ยนเป็นภาษาไทย

Change to English
 แสดงรายละเอียดบรรณานุกรม
  กลับหน้าหลัก

Brief Record : Get Marc (ISO 2709) : E-mail record : QR code < ปิดหน้าต่าง
LEADER : 00000nam 2200000uu 4500
001    13399111694
003     ULIB
008    110706s2549||||th 000 0 tha d
020    9743413588
020    9789743413582
050 04 BQ562^bพ336ก 2549
100 0  พระธรรมวิสุทธิกวี(พิจิตร จิตวณฺโณ)
245 10 การพัฒนาจิต /^cพระธรรมวิสุทธิกวี(พิจิตร จิตวณฺโณ)
250    พิมพ์ครั้งที่ 8
260    กรุงเทพ ฯ :^bสร้างสรรค์บุ๊คส์,^c2549
300    285 หน้า
440  0 สายธารพุทธธรรม
650  4 จิต^xแง่ศาสนา
650  4 พุทษธศาสนา
650  4 วิปัสสนา
945    ^p190^l0^i025011
949    ทศพร
999 ^a ใช้งานได้ทุกระบบ
รายการนี้ยังไม่มีแท็ก
คุณยังไม่ได้ล็อกอิน คุณสามารถมีกิจกรรมร่วมกับเว็บไซต์ได้ แต่ต้องล็อกอินก่อน ::
  ล็อกอิน

รายการสื่อสารสนเทศ

ลำดับที่ ประเภท เลขเรียก/บาร์โค้ด สถานที่ สถานะ
- ไม่พบข้อมูล -

รายการใกล้เคียง
    ผู้แต่ง [พระธรรมวิสุทธิกวี(พิจิตร จิตวณฺโณ)]

    หัวเรื่อง [พุทษธศาสนา]
    หัวเรื่อง [วิปัสสนา]

BibComment


ยังไม่เคยถูกคอมเมนท์

คอมเมนท์ทรัพยากรรายการนี้
  คอมเมนท์: การพัฒนาจิต พระธ..


 Copyright 2026. Bcnsprnw @Library